[Event "Prague Summer op-B 6th"]
[Site "Prague"]
[Date "2019.08.03"]
[Round "2"]
[White "Schultz, Bernfried"]
[Black "Atnilov, Boris"]
[Result "0-1"]
[WhiteElo "1705"]
[BlackElo "2053"]
[PlyCount "60"]
[EventDate "2019.08.02"]
[EventType "swiss"]
[EventRounds "9"]
[EventCountry "CZE"]
[SourceTitle "EXT 2020"]
[Source "ChessBase"]
[SourceDate "2019.10.17"]
[SourceVersion "1"]
[SourceVersionDate "2019.10.17"]
[SourceQuality "1"]

1. e4 c5 2. d4 cxd4 3. Qxd4 Nc6 4. Qe3 g6 5. Nc3 Bg7 6. Bd2 a6 7. 0-0-0 d6 8. f4 Nf6 9. h3 0-0 10. g4 Bd7 11. g5 Nh5 12. Be2 Rc8 13. Bxh5 gxh5 14. Qf3 Na5 15. f5 Nc4 16. Nd5 Bxb2+ 17. Kb1 e6 18. Nf6+ Bxf6 19. gxf6 Nxd2+ 20. Rxd2 Qxf6 21. Rxd6 Ba4 22. Rd2 Rc6 23. c3 Rxc3 24. Qg2+ Kh8 25. Ne2 Rc4 26. Rb2 Rfc8 27. Rc1 Rxc1+ 28. Nxc1 Rxc1+ 29. Kxc1 Qc3+ 30. Rc2 Qxc2+ 0-1

[Event "Budapest FS11 FM-A"]
[Site "Budapest"]
[Date "2012.11.11"]
[Round "8"]
[White "Farkas, Richard"]
[Black "Atnilov, Boris"]
[Result "1-0"]
[WhiteElo "2107"]
[BlackElo "2118"]
[PlyCount "73"]
[EventDate "2012.11.03"]
[EventType "tourn"]
[EventRounds "10"]
[EventCountry "HUN"]
[SourceTitle "CBM 151 Extra"]
[Source "ChessBase"]
[SourceDate "2012.12.18"]
[SourceVersion "1"]
[SourceVersionDate "2012.12.18"]
[SourceQuality "1"]

1. e4 e6 2. d4 d5 3. exd5 exd5 4. Nf3 Nf6 5. c4 Bb4+ 6. Nc3 0-0 7. Be2 Ne4 8. Qb3 Qe7 9. cxd5 c6 10. dxc6 Nxc6 11. a3 Ba5 12. Be3 Be6 13. Qc2 Bf5 14. Bd3 Rac8 15. 0-0 Bxc3 16. bxc3 Na5 17. c4 Nxc4 18. Bxc4 Nd6 19. Bxf7+ Rxf7 20. Qb3 Kh8 21. Ne5 Rff8 22. Rac1 Rcd8 23. f3 Be6 24. Qb4 Qh4 25. Bf2 Qg5 26. Rc5 Qf4 27. Re1 Qf6 28. Rc7 Kg8 29. d5 Bc8 30. Nc4 Nf5 31. d6 Nd4 32. Qd2 Nb3 33. Qd5+ Kh8 34. d7 b5 35. Ne5 Na5 36. Nf7+ Qxf7 37. Qxf7 1-0

[Event "Budapest FS11 FM-A"]
[Site "Budapest"]
[Date "2012.11.05"]
[Round "2"]
[White "Schenkerik, Csaba"]
[Black "Atnilov, Boris"]
[Result "1-0"]
[WhiteElo "2074"]
[BlackElo "2118"]
[PlyCount "69"]
[EventDate "2012.11.03"]
[EventType "tourn"]
[EventRounds "10"]
[EventCountry "HUN"]
[SourceTitle "EXT 2013"]
[Source "ChessBase"]
[SourceDate "2012.11.22"]
[SourceVersion "1"]
[SourceVersionDate "2012.11.22"]
[SourceQuality "1"]

1. e4 e6 2. d4 d5 3. Nc3 Bb4 4. Bd3 c5 5. exd5 Qxd5 6. Bd2 Bxc3 7. Bxc3 Qxg2 8. Qf3 Qxf3 9. Nxf3 Nd7 10. Rg1 Kf8 11. dxc5 f6 12. b4 Ne7 13. 0-0-0 Nd5 14. Bd2 a5 15. a3 axb4 16. axb4 Nb8 17. c4 Nc7 18. Kb2 Nc6 19. b5 Ne7 20. Ra1 Rb8 21. Bf4 e5 22. Nxe5 Ne6 23. Nd7+ Bxd7 24. Bxb8 Nxc5 25. Bc2 Kf7 26. Bd6 Ne6 27. Ra7 Bc8 28. Kc3 Rd8 29. Rd1 Ng6 30. c5 Kg8 31. Bb3 Kh8 32. Bxe6 Bxe6 33. Rxb7 h5 34. Rb8 Bc8 35. b6 1-0

[Event "Budapest FS11 FM-A"]
[Site "Budapest"]
[Date "2012.11.03"]
[Round "1"]
[White "Atnilov, Boris"]
[Black "Szalanczy, Emil"]
[Result "0-1"]
[WhiteElo "2118"]
[BlackElo "2237"]
[PlyCount "73"]
[EventDate "2012.11.03"]
[EventType "tourn"]
[EventRounds "10"]
[EventCountry "HUN"]
[SourceTitle "EXT 2013"]
[Source "ChessBase"]
[SourceDate "2012.11.22"]
[SourceVersion "1"]
[SourceVersionDate "2012.11.22"]
[SourceQuality "1"]

1. e4 c5 2. Nf3 d6 3. Bb5+ Nd7 4. 0-0 a6 5. Bxd7+ Bxd7 6. e5 d5 7. d4 Bg4 8. c3 e6 9. dxc5 Bxf3 10. Qxf3 Bxc5 11. Nd2 Ne7 12. Nb3 Rc8 13. Bg5 h6 14. Qh5 Bb6 15. Kh1 Qd7 16. Bd2 Rc4 17. Rae1 Qa4 18. Be3 Rh4 19. Qf3 Qxa2 20. Bxb6 Qxb3 21. Bc5 Qc4 22. Ba3 Qf4 23. Qxf4 Rxf4 24. g3 Rc4 25. f4 g6 26. Kg2 h5 27. h3 Rg8 28. h4 Nf5 29. Kf3 Kd7 30. Rd1 Rgc8 31. Rh1 a5 32. Rd3 b5 33. Bd6 Re4 34. b4 Nxd6 35. exd6 axb4 36. cxb4 Rxb4 37. Ra1 0-1

[Event "Pardubice Czech op-B 23rd"]
[Site "Pardubice"]
[Date "2012.07.23"]
[Round "4"]
[White "Atnilov, Boris"]
[Black "Vorobyov, Yurij"]
[Result "0-1"]
[WhiteElo "2107"]
[BlackElo "2254"]
[PlyCount "134"]
[EventDate "2012.07.20"]
[EventType "swiss"]
[EventRounds "9"]
[EventCountry "CZE"]
[SourceTitle "EXT 2013"]
[Source "ChessBase"]
[SourceDate "2012.11.22"]
[SourceVersion "1"]
[SourceVersionDate "2012.11.22"]
[SourceQuality "1"]

1. e4 c5 2. Nf3 a6 3. d4 cxd4 4. Nxd4 Nf6 5. Nc3 e5 6. Nf3 Bb4 7. Bc4 0-0 8. 0-0 d6 9. Bg5 Bxc3 10. bxc3 h6 11. Bh4 Be6 12. Bxf6 Qxf6 13. Bb3 Qe7 14. Rb1 Nc6 15. Qd3 Rac8 16. Rfd1 Rfd8 17. Nd2 Na5 18. Nf1 Qc7 19. Bxe6 fxe6 20. Qh3 Qe7 21. Rd3 Rf8 22. Ne3 Rc6 23. Ng4 Kh7 24. Rg3 Rf4 25. Rd1 Rb6 26. Ne3 Rh4 27. Nf5 exf5 28. Qxf5+ Kg8 29. Qc8+ Qf8 30. Qc7 Rb5 31. Rxg7+ Qxg7 32. Qd8+ Kh7 33. Qxh4 Nc6 34. h3 Qg5 35. Qxg5 hxg5 36. Rxd6 Rb2 37. a4 a5 38. Kh2 Rxc2 39. Kg3 Rxc3+ 40. Kg4 Rc4 41. Rd7+ Kg6 42. Rd6+ Kf7 43. Kf5 Rxa4 44. Rd7+ Ne7+ 45. Kxe5 Rb4 46. Rc7 b5 47. f3 a4 48. Ra7 Rb2 49. g3 Rc2 50. f4 gxf4 51. gxf4 Rc5+ 52. Kd4 Rh5 53. f5 Kf6 54. e5+ Kxf5 55. Rxe7 Rxh3 56. Rf7+ Ke6 57. Rf6+ Ke7 58. Rb6 Rb3 59. Kd5 a3 60. Rb7+ Kf8 61. e6 b4 62. Rb8+ Ke7 63. Rb7+ Kf6 64. Rf7+ Kg6 65. Rb7 Rb2 66. Ra7 Kf6 67. Kd6 a2 0-1

[Event "Budapest FS10 FM-A"]
[Site "Budapest"]
[Date "2011.10.05"]
[Round "5"]
[White "Atnilov, Boris"]
[Black "Henrichsen, Jens"]
[Result "1-0"]
[WhiteElo "2075"]
[BlackElo "1898"]
[PlyCount "113"]
[EventDate "2011.10.01"]
[EventType "tourn"]
[EventRounds "9"]
[EventCountry "HUN"]
[SourceTitle "CBM 144 Extra"]
[Source "ChessBase"]
[SourceDate "2011.10.28"]
[SourceVersion "1"]
[SourceVersionDate "2011.10.28"]
[SourceQuality "1"]

1. e4 c5 2. Nf3 d6 3. d4 cxd4 4. Nxd4 Nf6 5. Nc3 a6 6. Bc4 e6 7. Bb3 Nbd7 8. Be3 Nc5 9. f3 Be7 10. Qe2 Qc7 11. g4 b5 12. a3 Bb7 13. Ba2 Rc8 14. 0-0-0 Nfd7 15. g5 Nb6 16. h4 Nca4 17. Nxa4 bxa4 18. h5 d5 19. g6 Nc4 20. gxf7+ Kxf7 21. Bxc4 Qxc4 22. Qxc4 Rxc4 23. Ne2 Rhc8 24. c3 dxe4 25. Rhf1 exf3 26. Nd4 Rd8 27. Nxf3 Rxd1+ 28. Kxd1 Bxf3+ 29. Rxf3+ Bf6 30. h6 Kg6 31. Rg3+ Kf7 32. hxg7 Bxg7 33. Ke2 h5 34. Rg5 Rh4 35. Bf2 Re4+ 36. Kf3 Rc4 37. Rxh5 Bxc3 38. bxc3 Rxc3+ 39. Ke4 Rxa3 40. Bd4 Kg6 41. Rh1 Rg3 42. Be3 Rg4+ 43. Bf4 Kf6 44. Rh6+ Rg6 45. Rh8 e5 46. Bxe5+ Ke7 47. Rh7+ Kd8 48. Kf5 Rc6 49. Rh4 a3 50. Ra4 Kc8 51. Rxa3 Kb7 52. Ke4 Rh6 53. Kd5 Rh5 54. Rb3+ Kc8 55. Ke6 Rh6+ 56. Ke7 Rh7+ 57. Ke8 1-0

[Event "Pardubice Czech op-B 21st"]
[Site "Pardubice"]
[Date "2010.07.28"]
[Round "6"]
[White "Atnilov, Boris"]
[Black "Musaev, Rasul"]
[Result "1-0"]
[WhiteElo "2093"]
[BlackElo "2181"]
[PlyCount "53"]
[EventDate "2010.07.23"]
[EventType "swiss"]
[EventRounds "9"]
[EventCountry "CZE"]
[SourceTitle "CBM 137 Extra"]
[Source "ChessBase"]
[SourceDate "2010.09.01"]
[SourceVersion "1"]
[SourceVersionDate "2010.09.01"]
[SourceQuality "1"]

1. e4 c5 2. Nf3 Nc6 3. d4 cxd4 4. Nxd4 Nf6 5. Nc3 e5 6. Ndb5 d6 7. Bg5 a6 8. Na3 b5 9. Bxf6 gxf6 10. Nd5 Bg7 11. c3 f5 12. exf5 Bxf5 13. Nc2 0-0 14. a4 bxa4 15. Rxa4 a5 16. Nce3 Bg6 17. h4 h6 18. g4 Rb8 19. Qd2 Qd7 20. Rc4 Rfc8 21. g5 h5 22. Bh3 Qb7 23. Bxc8 Rxc8 24. Nf6+ Bxf6 25. gxf6 Kh7 26. Rg1 d5 27. Nf5 1-0

[Event "Pardubice Czech op-B 21st"]
[Site "Pardubice"]
[Date "2010.07.25"]
[Round "3"]
[White "Golcman, Evgeny"]
[Black "Atnilov, Boris"]
[Result "1-0"]
[WhiteElo "2270"]
[BlackElo "2093"]
[PlyCount "81"]
[EventDate "2010.07.23"]
[EventType "swiss"]
[EventRounds "9"]
[EventCountry "CZE"]
[SourceTitle "CBM 137 Extra"]
[Source "ChessBase"]
[SourceDate "2010.09.01"]
[SourceVersion "1"]
[SourceVersionDate "2010.09.01"]
[SourceQuality "1"]

1. c4 e5 2. g3 Nf6 3. Bg2 d5 4. cxd5 Nxd5 5. Nf3 Nc6 6. 0-0 Be7 7. d4 e4 8. Ne5 f5 9. Nxc6 bxc6 10. Qc2 Nb4 11. Qa4 Qd7 12. a3 Nd5 13. f3 Nb6 14. Qc2 Qxd4+ 15. Kh1 0-0 16. fxe4 fxe4 17. Rd1 Qf6 18. Nc3 Bf5 19. Bxe4 Bh3 20. Bf4 Nc4 21. Nd5 cxd5 22. Bxd5+ Kh8 23. Qxc4 Rad8 24. b4 Bd6 25. Bf3 Bxf4 26. Qxf4 Qb2 27. Qh4 Rxd1+ 28. Rxd1 Qb3 29. Qd8 Qf7 30. Qd4 Be6 31. Qc5 h6 32. Qxa7 Bb3 33. Rd4 Qg6 34. Qxc7 Qb1+ 35. Kg2 Qb2 36. Rd8 Qf6 37. Rxf8+ Qxf8 38. b5 Qf5 39. b6 Bd5 40. Qd8+ Bg8 41. b7 1-0

[Event "Pardubice op-B"]
[Site "Pardubice"]
[Date "2009.07.26"]
[Round "3"]
[White "Atnilov, Boris"]
[Black "Suleymanov, Salman"]
[Result "0-1"]
[WhiteElo "2110"]
[BlackElo "2283"]
[PlyCount "64"]
[EventDate "2009.07.24"]
[EventType "swiss"]
[EventRounds "9"]
[EventCountry "CZE"]
[SourceTitle "CBM 131 Extra"]
[Source "ChessBase"]
[SourceDate "2009.09.03"]
[SourceVersion "2"]
[SourceVersionDate "2009.09.16"]
[SourceQuality "1"]

1. e4 c5 2. Nf3 g6 3. d4 Bg7 4. Nc3 cxd4 5. Nxd4 Nc6 6. Be3 Nf6 7. Bc4 0-0 8. f3 Qb6 9. Qd3 Ne5 10. Qe2 Qxb2 11. Kd2 Qb4 12. Bd3 d5 13. Rab1 Qd6 14. Ndb5 Qd8 15. Bf4 dxe4 16. Bxe5 exd3 17. cxd3 Qa5 18. Rb3 Bh6+ 19. Kc2 Bd7 20. Ra3 Qd8 21. Rb1 Bxb5 22. Rxb5 b6 23. Bxf6 exf6 24. Rd5 Qc7 25. g3 Rfe8 26. Qg2 Rac8 27. Rd4 b5 28. Rb3 f5 29. Rdb4 a5 30. Rh4 a4 31. Ra3 Bf8 32. Raxa4 Qxc3+ 0-1